UITU Library & LRC     

Remote Process Control Using Cellular Phone SMS (Record no. 32869)

MARC details
000 -LEADER
fixed length control field 00438nam a2200133Ia 4500
008 - FIXED-LENGTH DATA ELEMENTS--GENERAL INFORMATION
fixed length control field 260210s9999 xx 000 0 und d
024 ## - OTHER STANDARD IDENTIFIER
Standard number or code Not available
082 ## - DEWEY DECIMAL CLASSIFICATION NUMBER
Classification number 621.38456072 MUH
100 ## - MAIN ENTRY--PERSONAL NAME
Personal name Muhammad Usman Ahmad, Syed Muhammad Waqas & Parvaiz Q. Velji
245 #0 - TITLE STATEMENT
Title Remote Process Control Using Cellular Phone SMS
260 ## - PUBLICATION, DISTRIBUTION, ETC.
Place of publication, distribution, etc. Karachi:
Name of publisher, distributor, etc. UITU,
Date of publication, distribution, etc. 2000
600 ## - SUBJECT ADDED ENTRY--PERSONAL NAME
Personal name Electronic Engineering
650 ## - SUBJECT ADDED ENTRY--TOPICAL TERM
Topical term or geographic name entry element Bachelor of Engineering (BE)

No items available.

Powered by Koha